Problemas de química (Record no. 45050)

MARC details
000 -LEADER
campo de control de longitud fija 00732nam a2200205 i 4500
001 - NÚMERO DE CONTROL
campo de control 45050
003 - IDENTIFICADOR DE NÚMERO DE CONTROL
campo de control ES-MaACL
005 - FECHA Y HORA DE LA ÚLTIMA TRANSACCIÓN
campo de control 20230906161138.0
007 - CAMPO FIJO DE DESCRIPCIÓN FÍSICA--INFORMACIÓN GENERAL
campo de control de longitud fija t|
008 - DATOS DE LONGITUD FIJA--INFORMACIÓN GENERAL
campo de control de longitud fija 030325s1946 sp a |||| | spa d
100 1# - ENTRADA PRINCIPAL--NOMBRE DE PERSONA
Nombre de persona Claver Salas, Mariano.
9 (RLIN) 39121
245 10 - MENCIÓN DEL TÍTULO
Título Problemas de química
Resto del título : ejercicios y problemas de química elemental /
Mención de responsabilidad, etc. por Mariano Claver Salas y Faustino Martínez Valdés ; prólogo de D. Emilio Jímeno.
250 ## - MENCION DE EDICION
Mención de edición 2ª ed. corr. y aum.
260 ## - PUBLICACIÓN, DISTRIBUCIÓN, ETC.
Lugar de publicación, distribución, etc. Madrid :
Nombre del editor, distribuidor, etc. Dossat,
Fecha de publicación, distribución, etc. 1946 (
Fabricante Típ. Artística)
300 ## - DESCRIPCIÓN FÍSICA
Extensión XII, 210 p. :
Otras características físicas il. ;
Dimensiones 25 cm.
650 #4 - PUNTO DE ACCESO ADICIONAL DE MATERIA--TÉRMINO DE MATERIA
Término de materia o nombre geográfico como elemento de entrada Química-
Subdivisión de forma Problemas.
9 (RLIN) 140566
700 1# - ENTRADA AGREGADA--NOMBRE PERSONAL
Nombre de persona Martínez Valdés, Faustino.
9 (RLIN) 78460
700 1# - ENTRADA AGREGADA--NOMBRE PERSONAL
Nombre de persona Jimeno, Emilio.
9 (RLIN) 66638
852 ## - LOCALIZACIÓN
Ubicación ES-MaACL
Número de control de estantería E-1929
Holdings
Estatus retirado Estado de pérdida Estado de daño No para préstamo Biblioteca de origen Biblioteca actual Ubicación en estantería Fecha de adquisición Fuente de adquisición Total de préstamos Signatura topográfica completa Código de barras Visto por última vez Precio de reemplazo Tipo de ítem Koha
        Biblioteca del Ateneo de Madrid Biblioteca del Ateneo de Madrid Depósito 2 17/01/2008     E-1929 1047411 23/02/2023 23/02/2023 Libro impreso